000 00572njm a2200181 i 4500
001 C2-0217772
003 PPAK
005 20180729152036.0
008 990707s1983 my |||| ||||| | may d
040 _aPPAK
_beng
_cPPAK
_erda
245 0 0 _aCerita lisan Hikayat Marakarma
264 1 _aAlor Setar, Kedah :
_bPerbadanan Perpustakaan Awam Kedah ,
_c1983
336 _2rdacontent
_atext
337 _2rdamedia
_aunmediated
338 _2rdacarrier
_avolume
500 _aDirakam pada 2/11/83 ; Temubual dengan Hajah Rokiah Abd. Rahman ; Tiada transkripsi
942 _ddc
_cB
999 _c163063
_d163063